<?xml version="1.0" encoding="UTF-8"?>
<collection xmlns:xsi="http://www.w3.org/2001/XMLSchema-instance" xsi:schemaLocation="http://www.loc.gov/MARC21/slim http://www.loc.gov/standards/marcxml/schema/MARC21slim.xsd" xmlns="http://www.loc.gov/MARC21/slim">
 <record>
  <leader>00000cam a22000004i 4500</leader>
  <controlfield tag="001">UP-99796217612371324</controlfield>
  <controlfield tag="003">Buklod</controlfield>
  <controlfield tag="005">20170207151409.0</controlfield>
  <controlfield tag="006">a     r    |||| u|</controlfield>
  <controlfield tag="007">ta</controlfield>
  <controlfield tag="008">150727s2015    caub    r    a001 0|eng d</controlfield>
  <datafield tag="020" ind1=" " ind2=" ">
   <subfield code="a">9781589483828</subfield>
  </datafield>
  <datafield tag="035" ind1=" " ind2=" ">
   <subfield code="a">(iLib)UPD-00261909563</subfield>
  </datafield>
  <datafield tag="040" ind1=" " ind2=" ">
   <subfield code="a">OCLC</subfield>
   <subfield code="d">DGEO</subfield>
   <subfield code="e">rda</subfield>
  </datafield>
  <datafield tag="090" ind1=" " ind2=" ">
   <subfield code="a">G 70.212</subfield>
   <subfield code="b">L39 2015</subfield>
  </datafield>
  <datafield tag="100" ind1="1" ind2=" ">
   <subfield code="a">Law, Michael</subfield>
   <subfield code="e">author</subfield>
  </datafield>
  <datafield tag="245" ind1="1" ind2="0">
   <subfield code="a">Getting to know ArcGIS</subfield>
   <subfield code="c">Michael Law, Amy Collins.</subfield>
  </datafield>
  <datafield tag="246" ind1="3" ind2="0">
   <subfield code="a">ArcGIS.</subfield>
  </datafield>
  <datafield tag="250" ind1=" " ind2=" ">
   <subfield code="a">Fourth edition.</subfield>
  </datafield>
  <datafield tag="264" ind1=" " ind2="1">
   <subfield code="a">Redlands, California</subfield>
   <subfield code="b">ESRI Press</subfield>
   <subfield code="c">[2015]</subfield>
  </datafield>
  <datafield tag="300" ind1=" " ind2=" ">
   <subfield code="a">xii, 794 pages</subfield>
   <subfield code="b">illustrations (chiefly color), maps (chiefly color)</subfield>
   <subfield code="c">23 cm</subfield>
  </datafield>
  <datafield tag="336" ind1=" " ind2=" ">
   <subfield code="a">text</subfield>
   <subfield code="2">rdacontent</subfield>
  </datafield>
  <datafield tag="337" ind1=" " ind2=" ">
   <subfield code="a">unmediated</subfield>
   <subfield code="2">rdamedia</subfield>
  </datafield>
  <datafield tag="338" ind1=" " ind2=" ">
   <subfield code="a">volume</subfield>
   <subfield code="2">rdacarrier</subfield>
  </datafield>
  <datafield tag="500" ind1=" " ind2=" ">
   <subfield code="a">&quot;For ArcGIS 10.2 and 10.3&quot;--Front cover.</subfield>
  </datafield>
  <datafield tag="500" ind1=" " ind2=" ">
   <subfield code="a">Includes index.</subfield>
  </datafield>
  <datafield tag="505" ind1="0" ind2=" ">
   <subfield code="a">Preface -- Acknowledgments -- Part 1:  Getting To Know GIS: -- Introducing GIS -- Introducing ArcGIS -- Part 2:  Getting Started With Maps And Data: -- Interacting With Maps: -- Exercise 3a: -- Displaying map data -- Exercise 3b:  Navigating a map -- Exercise 3c:  Using basic tools -- Exercise 3d:  Looking at feature attributes -- Interacting With Data: -- Exercise 4a:  Browsing through map data -- Exercise 4b:  Adding data to a map -- Exercise 4c:  Working with map layers -- Exploring Online Resources: -- Exercise 5a:  Creating a web map -- Exercise 5b:  Merging online and local layers -- Exercise 5c:  Sharing a map package -- Part 3:  Displaying And Presenting Data: -- Working With Coordinate Systems And Projections: -- Exercise 6a:  Examining coordinate systems -- Exercise 6b:  Projecting data -- Exercise 6c:  Defining a map projection -- Exercise 6d:  Georeferencing a raster -- Symbolizing Features: -- Exercise 7a:  Creating custom symbology -- Exercise 7b:  Symbolizing features by categorical attributes -- Exercise 7c:  Using styles and creating layer files -- Exercise 7d:  Symbolizing rasters -- Classifying Features: -- Exercise 8a:  Classifying features by standard methods -- Exercise 8b:  Mapping density -- Exercise 8c:  Using graduated and chart symbols -- Labeling Features: -- Exercise 9a:  Using dynamic labels -- Exercise 9b:  Setting rules for label placement -- Exercise 9c:  Creating graphic labels -- Exercise 9d:  Converting dynamic labels to annotation -- Making Maps For Presentation: -- Exercise 10a:  Creating a layout -- Exercise 10b:  Adding titles and additional text -- Exercise 10c:  Adding standard map elements -- Exercise 10d:  Adding final touches and setting print options -- Part 4:  Creating And Editing Data: -- Building Geodatabases: -- Exercise 11a:  Creating a geodatabase -- Exercise 11b:  Creating feature classes -- Creating Features: -- Exercise 12a:  Drawing features -- Exercise 12b:  Using more construction tools -- Editing Features: -- Exercise 13a:  Deleting and modifying features -- Exercise 13b:  Splitting and merging features -- Exercise 13c:  Editing feature attribute values -- Geocoding Addresses: -- Exercise 14a:  Creating an addresses -- Exercise 14b:  Matching addresses -- Exercise 14c:  Re-matching addresses -- Part 5:  Getting Information About Features: -- Querying Data: -- Exercise 15a:  Selecting and finding features -- Exercise 15b:  Using attribute queries -- Exercise 15 c:  Creating reports -- Selecting Features By Location: -- Exercise 16a:  Using location queries -- Exercise 16b:  Combining attribute and location queries -- Joining And Relating Data: -- Exercise 17a:  Joining data by attribute -- Exercise 17b:  Relating data -- Exercise 17c:  Joining data by location -- Part 6:  Analyzing Geospatial Data: -- Preparing Data For Analysis: -- Exercise 18a:  Dissolving features -- Exercise 18b:  Clipping layers -- Exercise 18c:  Creating a data subset -- Exercise 18d:  Running tools in a model -- Geoprocessing Vector Data: -- Exercise 19a:  Buffering features -- Exercise 19b:  Overlaying data -- Exercise 19c:  Calculating attribute values -- Exercise 19d:  Creating graphs -- Using Spatial Analyst: -- Exercise 20a:  Creating raster surfaces -- Exercise 20b:  Combining raster surfaces -- Appendix A:  ArcGIS Pro:  a first look -- Appendix B:  Data source credits -- Appendix C:  Data license agreement -- Glossary -- Index.</subfield>
  </datafield>
  <datafield tag="650" ind1=" " ind2="0">
   <subfield code="a">Geographic information systems.</subfield>
  </datafield>
  <datafield tag="650" ind1=" " ind2="0">
   <subfield code="a">Graphical user interfaces (Computer systems)</subfield>
  </datafield>
  <datafield tag="700" ind1="1" ind2=" ">
   <subfield code="a">Collins, Amy</subfield>
   <subfield code="e">author.</subfield>
  </datafield>
  <datafield tag="905" ind1=" " ind2=" ">
   <subfield code="a">FO</subfield>
  </datafield>
  <datafield tag="852" ind1="0" ind2=" ">
   <subfield code="a">UPD</subfield>
   <subfield code="b">DGEO</subfield>
   <subfield code="h">G 70.212 L39 2015</subfield>
  </datafield>
  <datafield tag="942" ind1=" " ind2=" ">
   <subfield code="a">Book</subfield>
  </datafield>
 </record>
</collection>
